000 00517nam a2200181Ia 4500
008 090123s9999 xx 000 0 und d
082 _b37890
_a891.463/नाईक
100 _aनाईक गुरूनाथ
245 _aकाटशह
250 _a1
260 _bशिवम प्रकाशन
_c2005
300 _a200
600 _aनाईक गुरूनाथ
630 _aकाटशह
700 _aनाईक गुरूनाथ
730 _aकाटशह
942 _cBOOK
999 _c75957
_d75957